| 000 | 00643nam a2200181Ia 4500 | ||
|---|---|---|---|
| 008 | 151018s9999 xx 000 0 und d | ||
| 082 |
_bRBASDV60715 _a891.463 |
||
| 100 | _aनागेश सु शेवाळकर | ||
| 245 | _aशाळा लावते लळा | ||
| 250 | _b1 | ||
| 260 |
_b"गवळी प्रकाशन, इस्लामपूर" _c2012 |
||
| 300 | _a88 | ||
| 600 | _aनागेश सु शेवाळकर | ||
| 630 | _aशाळा लावते लळा | ||
| 700 | _aनागेश सु शेवाळकर | ||
| 730 | _aशाळा लावते लळा | ||
| 942 | _cBOOK | ||
| 999 |
_c1054218 _d1054215 |
||